<?xml version="1.0" encoding="UTF-8"?>
<record
    xmlns:xsi="http://www.w3.org/2001/XMLSchema-instance"
    xsi:schemaLocation="http://www.loc.gov/MARC21/slim http://www.loc.gov/standards/marcxml/schema/MARC21slim.xsd"
    xmlns="http://www.loc.gov/MARC21/slim">

  <leader>00937cam a2200277 a 4500</leader>
  <controlfield tag="001">13270</controlfield>
  <controlfield tag="003">UkOxU</controlfield>
  <controlfield tag="005">20211208235429.0</controlfield>
  <controlfield tag="008">140130s1961    nyua          001 0 eng d</controlfield>
  <datafield tag="035" ind1=" " ind2=" ">
    <subfield code="a">(BD-RjUL)</subfield>
  </datafield>
  <datafield tag="040" ind1=" " ind2=" ">
    <subfield code="a">WSU</subfield>
    <subfield code="d">m.c</subfield>
    <subfield code="d">BD-RjUL</subfield>
    <subfield code="b">eng</subfield>
    <subfield code="c">BD-RjUL</subfield>
  </datafield>
  <datafield tag="041" ind1=" " ind2=" ">
    <subfield code="a">eng</subfield>
  </datafield>
  <datafield tag="082" ind1=" " ind2=" ">
    <subfield code="2">16</subfield>
    <subfield code="a">621.313</subfield>
    <subfield code="b">FIE  1961</subfield>
  </datafield>
  <datafield tag="090" ind1=" " ind2=" ">
    <subfield code="a">TK2181</subfield>
    <subfield code="b">.F5 1961</subfield>
  </datafield>
  <datafield tag="100" ind1="1" ind2=" ">
    <subfield code="a">Fitzgerald, A. E.</subfield>
    <subfield code="q">(Arthur Eugene),</subfield>
    <subfield code="d">1909-</subfield>
    <subfield code="9">38906</subfield>
  </datafield>
  <datafield tag="245" ind1="1" ind2="0">
    <subfield code="a">Electric machinery :</subfield>
    <subfield code="b">the dynamics and statics of electromechanical energy conversion /</subfield>
    <subfield code="c">A.E. Fitzgerald, Charles Kingsley, Jr.</subfield>
  </datafield>
  <datafield tag="250" ind1=" " ind2=" ">
    <subfield code="a">2nd ed.</subfield>
  </datafield>
  <datafield tag="260" ind1=" " ind2=" ">
    <subfield code="a">New York  ;</subfield>
    <subfield code="a">London  :</subfield>
    <subfield code="b">McGraw-Hill,</subfield>
    <subfield code="c">1961.</subfield>
  </datafield>
  <datafield tag="300" ind1=" " ind2=" ">
    <subfield code="a">xii, 568 p.  :</subfield>
    <subfield code="b">ill. ;</subfield>
    <subfield code="c">21 cm.</subfield>
  </datafield>
  <datafield tag="500" ind1=" " ind2=" ">
    <subfield code="a">Includes index.</subfield>
  </datafield>
  <datafield tag="650" ind1=" " ind2="0">
    <subfield code="a">Electric machinery.</subfield>
    <subfield code="9">41335</subfield>
  </datafield>
  <datafield tag="700" ind1="1" ind2=" ">
    <subfield code="a">Kingsley, Charles,</subfield>
    <subfield code="d">1904-1994</subfield>
    <subfield code="9">41336</subfield>
  </datafield>
  <datafield tag="830" ind1=" " ind2="0">
    <subfield code="a">McGraw-Hill electrical and electronic engineering series</subfield>
    <subfield code="9">20103</subfield>
  </datafield>
  <datafield tag="942" ind1=" " ind2=" ">
    <subfield code="2">ddc</subfield>
    <subfield code="c">BK</subfield>
  </datafield>
  <datafield tag="999" ind1=" " ind2=" ">
    <subfield code="c">13270</subfield>
    <subfield code="d">13270</subfield>
  </datafield>
  <datafield tag="952" ind1=" " ind2=" ">
    <subfield code="0">0</subfield>
    <subfield code="1">0</subfield>
    <subfield code="2">ddc</subfield>
    <subfield code="4">0</subfield>
    <subfield code="7">1</subfield>
    <subfield code="8">NFIC</subfield>
    <subfield code="a">RUCL</subfield>
    <subfield code="b">RUCL</subfield>
    <subfield code="c">Reading</subfield>
    <subfield code="d">1964-04-17</subfield>
    <subfield code="e">zeringering</subfield>
    <subfield code="g">51.00</subfield>
    <subfield code="l">0</subfield>
    <subfield code="o">621.313  FIE   1961</subfield>
    <subfield code="r">2014-01-30 00:00:00</subfield>
    <subfield code="t">C-1</subfield>
    <subfield code="w">2014-01-30</subfield>
    <subfield code="y">BK</subfield>
  </datafield>
  <datafield tag="952" ind1=" " ind2=" ">
    <subfield code="0">0</subfield>
    <subfield code="1">0</subfield>
    <subfield code="2">ddc</subfield>
    <subfield code="4">0</subfield>
    <subfield code="7">0</subfield>
    <subfield code="8">NFIC</subfield>
    <subfield code="a">RUCL</subfield>
    <subfield code="b">RUCL</subfield>
    <subfield code="c">Stack</subfield>
    <subfield code="d">1968-04-17</subfield>
    <subfield code="e">Zeitlinger</subfield>
    <subfield code="g">51.00</subfield>
    <subfield code="l">0</subfield>
    <subfield code="o">621.313 FIE  1961</subfield>
    <subfield code="r">2016-09-28 00:00:00</subfield>
    <subfield code="t">C-2</subfield>
    <subfield code="w">2016-09-28</subfield>
    <subfield code="y">BK</subfield>
  </datafield>
</record>
